000 01036cam a22003017a 4500
003 CHAP
005 20220329135549.0
008 971013s1980 r 00010 d
010 _a38587
011 _a39559
035 _a43680
040 _cCHAP
082 _a595.799
_bM5
100 0 0 _aMitchell, Theodore B.
_976241
245 1 2 _aA generic revision of the Megachilene bees of the Western hemisphere (Hymeoptera: Megachilidae)
260 _aRaleigh, N.C. :
_bNort Carolina State University,
_c1980
300 _a95 p.
_b: ilus. ; gráfs
490 0 _aContribución from the Department of Entomology
590 _aBATCH-UPD
_b10
_c20130110
_lUCH01
_h1540
590 _aBATCH-UPD
_b10
_c20130410
_lUCH01
_h0943
590 _aBATCH-UPD
_b10
_c20130913
_lUCH01
_h1815
590 _aCONVERSION
_b10
_c20130109
_lUCH01
_h1321
650 1 4 _aAbejas.
_9182
830 0 _aContribución from the Department of Entomology
_927565
901 _aBK
942 _cLIBRO
949 _a595.799 M5
_bBC
_cLIBRO
_d33724000367082
_eLIBRO
_h58026
_i43680
_mD
_si
999 _c38587
_d38587